| 000 -LEADER | |
|---|---|
| fixed length control field | 00327nam a22001457a 4500 |
| 020 ## - INTERNATIONAL STANDARD BOOK NUMBER | |
| ISBN | 0133963004 |
| 050 ## - LIBRARY OF CONGRESS CALL NUMBER | |
| Classification number | HV9950 |
| 100 ## - MAIN ENTRY--AUTHOR NAME | |
| Personal name | SCHMALLEGER,Frank |
| 245 ## - TITLE STATEMENT | |
| Title | Crimal Justice |
| 250 ## - EDITION STATEMENT | |
| Edition statement | 4th edition |
| 260 ## - PUBLICATION, DISTRIBUTION, ETC. (IMPRINT) | |
| Place of publication | Upper Saddle River,NJ |
| Name of publisher | Prentice Hall |
| Year of publication | 1997 |
| 300 ## - PHYSICAL DESCRIPTION | |
| Number of Pages | 737p |
| 942 ## - ADDED ENTRY ELEMENTS (KOHA) | |
| Koha item type | Books |
| 988 ## - PAGINATION/EXTENT | |
| PAGINATION/EXTENT | xxx,;737p index |
| Koha item type | Collection code | Accession Number | Permanent Location | Current Location | Date acquired | Full call number |
|---|---|---|---|---|---|---|
| Books | Lending | 2607 | Chapman Library | Chapman Library | 2017-02-06 | HV9950sch |

